| 000 | 00806nam a2200217 i 4500 | ||
|---|---|---|---|
| 001 | 23699 | ||
| 003 | ES-MaACL | ||
| 005 | 20250928103917.0 | ||
| 007 | t| | ||
| 008 | 021212s1888 sp ||||1| spa d | ||
| 100 | 1 |
_aAmador de los Ríos y Fernández de Villalta, Rodrigo. _9149674 |
|
| 245 | 1 | 0 |
_aBurgos / _cpor Rodrigo Amador de los Ríos ; dibujos de Isidro Gil. |
| 260 |
_aBarcelona : _bDaniel Cortezo y Cª, _c1888. |
||
| 300 |
_aXXVI, 1081 p. : _bil. en col. y n. ; _c24 cm. |
||
| 490 | 1 | _aEspaña: sus monumentos y artes, su naturaleza e historia | |
| 651 | 4 |
_aBurgos- _xDescripción. _9151211 |
|
| 700 | 1 |
_aGil y Gavilondo, Isidro, _d1843-1917 _956737 |
|
| 830 | 0 |
_aEspaña: sus monumentos y artes, su naturaleza e historia _9188068 |
|
| 852 |
_aES-MaACL _jC-2039 |
||
| 999 |
_c23699 _d23699 |
||